Looking for Alaska
| Main Author: | |
|---|---|
| Format: | Book |
| Language: | English |
| Published: |
Great Britain :
HarperCollins
2013
|
| Subjects: |
MARC
| LEADER | 00000cam a2200000 7i4500 | ||
|---|---|---|---|
| 001 | 0000028397 | ||
| 005 | 20241122.0 | ||
| 008 | 190225 -uk eng | ||
| 020 | |a 9780007523528 | ||
| 040 | |a INS |b eng |e rda | ||
| 090 | 0 | 0 | |a PZ |b G795L 2015 |
| 100 | 1 | |a Green, John , |e author | |
| 245 | 1 | 0 | |a Looking for Alaska |c John Green |
| 264 | 1 | |a Great Britain : |b HarperCollins |c 2013 | |
| 264 | 4 | |c ©2005 | |
| 300 | |a 262 pages ; |c 21 cm. | ||
| 336 | |a text |2 rdacontent | ||
| 337 | |a unmediated |2 rdamedia | ||
| 338 | |a volume |2 rdacarrier | ||
| 650 | 0 | |a Death |x Fiction | |
| 999 | |a 0000024588 |b BOOK |c Open Shelf |e Default branch | ||